00803nam a2200193 i 450000100060000000300090000600500170001500700030003200800410003510000390007624501790011526000350029430000300032970000420035970000380040185200320043999900170047195201210048838446ES-MaACL20240521130638.0t|030225s1981 sp ||||1| spa d1 aCabo de la Sierra, Gonzalo.93323510aGrabados, litografías y serigrafías b: técnicas, procedimientos /cGonzalo Cabo de la Sierra ; prólogo de Leopoldo Rodríguez Alcalde ; dibujos de Fernando Bellver. aMadrid : bEsti-Arte, c[1981] a262 p. : bil. ; c24 cm.1 aRodríguez Alcalde, Leopoldo.9983270 aBellver, Fernando, d1954-927287 aES-MaACLjL-2431 bR.103150 c38446d38446 00104070aATENEOMbATENEOMcDEPO2d2008-01-17eSCl0oL-2431p1040479r2023-02-23 00:00:00w2023-02-23yMONOGRAFIA